This book has feelings : adventures in the philosophy and psychology of your mind (Record no. 78325)

MARC details
000 -LEADER
fixed length control field 00586nam a2200193Ia 4500
008 - FIXED-LENGTH DATA ELEMENTS--GENERAL INFORMATION
fixed length control field 191130s2010##################000#0#eng##
020 ## - INTERNATIONAL STANDARD BOOK NUMBER
ISBN 9781441195920
082 ## - DEWEY DECIMAL CLASSIFICATION NUMBER
Classification number 152.4 SCO
100 ## - MAIN ENTRY--AUTHOR NAME
Personal name Scott, Neil
245 ## - TITLE STATEMENT
Title This book has feelings : adventures in the philosophy and psychology of your mind
Statement of responsibility, etc Neil Scott; Sandi Mann
260 ## - PUBLICATION, DISTRIBUTION, ETC. (IMPRINT)
Place of publication London
Name of publisher Continuum
Year of publication 2010
300 ## - PHYSICAL DESCRIPTION
Number of Pages 160 p. : ill., ports. ; 21 cm
650 ## - SUBJECT ADDED ENTRY--TOPICAL TERM
Topical Term Emotions (Philosophy)
700 ## - ADDED ENTRY--PERSONAL NAME
Personal name Mann, Sandi
991 ## -
-- 438900
Holdings
Withdrawn status Lost status Damaged status Not for loan Home library Current library Shelving location Date acquired Full call number Accession Number Price effective from Koha item type
        Anna Centenary Library Anna Centenary Library 3RD FLOOR, A WING 09.10.2020 152.4 SCO 323376 09.10.2020 English Books

Find us on the map